The Fury = The Fury /
Un niño dotado de habilidades extrasensoriales es declarado muerto tras un accidente automovilístico. Su padre, en búsqueda de la verdad, descubre que el pequeño ha sido secuestrado por un científico del gobierno que experimenta con niños extraordinarios para convertirlos en máquinas de matar, en ti...
Salvato in:
| Autore principale: | |
|---|---|
| Altri autori: | , , |
| Natura: | |
| Lingua: | inglese |
| Soggetti: | |
| Tags: |
Nessun Tag, puoi essere il primo ad aggiungerne!!
|
MARC
| LEADER | 00000ngm^a2200000^a^4500 | ||
|---|---|---|---|
| 001 | 000295298 | ||
| 005 | 20250521000000.0 | ||
| 009 | 20260310112234.016 | ||
| 037 | |a Acervo ITESO - Biblioteca | ||
| 041 | |a ING | ||
| 082 | |a 810. |b PAL | ||
| 100 | |a Palma, Brian de |e (realización) | ||
| 245 | 1 | 4 | |a The Fury = |b The Fury / |c Realización de B. de Palma |
| 246 | 2 | |a Título de exhibición cinematográfica en México: Furia | |
| 264 | 2 | |a Los Angeles, EUA : |b Twentieth Century Fox [distribución], |c 2001, c2001 | |
| 300 | |a 1 DVD región 1 |c (118 min.) | ||
| 336 | |a imagen móvil bidimensional |b tdi |2 rdacontenido | ||
| 337 | |a video |b v |2 rdamedio | ||
| 338 | |a videodisco |b vd |2 rdasoporte | ||
| 500 | |a Basado en: The Fury, de John Farris | ||
| 520 | |a Un niño dotado de habilidades extrasensoriales es declarado muerto tras un accidente automovilístico. Su padre, en búsqueda de la verdad, descubre que el pequeño ha sido secuestrado por un científico del gobierno que experimenta con niños extraordinarios para convertirlos en máquinas de matar, en tiempos de guerra. | ||
| 546 | |a En inglés, con subtítulos opcionales: español, inglés | ||
| 546 | |a Doblaje opcional: francés | ||
| 649 | |a XX | ||
| 650 | |a Películas Policíacas | ||
| 650 | |a Películas de Suspenso y Terror | ||
| 650 | |a Cine Norteamericano - |y 1970-1979 | ||
| 650 | |a Cine Norteamericano - |y Siglo XX | ||
| 650 | |a Novela Norteamericana - |x Adaptaciones para Cine | ||
| 650 | |a Literatura Norteamericana - |y Siglo XX - |x Adaptaciones para Cine | ||
| 650 | |a Literatura Policíaca y de Misterio - |z EUA - |x Adaptaciones para Cine | ||
| 650 | |a Escritores Norteamericanos | ||
| 650 | |a Niños | ||
| 650 | |a Asesinos | ||
| 650 | |a Telepatía | ||
| 650 | |a Percepción Extrasensorial | ||
| 650 | |a Fenómenos Paramentales | ||
| 650 | |a Parapsicología - |x Investigación | ||
| 650 | |a Psicología - |x Investigación | ||
| 650 | |a Ciencia - |x Experimentos | ||
| 650 | |a Ciencia - |x Investigación | ||
| 650 | |a Farris, John | ||
| 700 | |a Douglas, Kirk |e (actuación) | ||
| 700 | |a Cassavetes, John |e (actuación) | ||
| 700 | |a Irving, Amy |e (actuación) | ||
| 910 | |a Fondo General | ||
| 920 | |a Audiovisuales - DVDs | ||
| 940 | |a Películas | ||
| 905 | |a 302 | ||
| 901 | |a 0500195093 |b IT2 |c DVS |i C118832 |u 20250521 | ||
| 902 | |a https://opac.biblio.iteso.mx/vufind/Record/000295298 | ||